| 000 | 00391nam a2200133Ia 4500 | ||
|---|---|---|---|
| 005 | 20260326100046.0 | ||
| 008 | 260326s9999||||xx |||||||||||||| ||und|| | ||
| 100 | _aAyala Alonso, Enrique | ||
| 245 | 0 |
_aLa Odisea Iberomericana : _b Arquitectura y Urbanismo / _cEnrique Ayala Alonso |
|
| 260 | _bUniversidad Autónoma Metropolitana | ||
| 300 | _a174 p. | ||
| 650 | _aLATINOAMÉRICA | ||
| 942 | _cBK | ||
| 999 |
_c7211 _d7211 |
||